Score 0/41 Timer 05:00
0 Plays Today
Clue 4-Letter Word % Correct
Opposite of HeavenHELL
98.1%
Part of the footHEEL
96.5%
A small horsePONY
94.9%
A citrus fruitLIME
93.9%
PM 1997-2007, ____ Blair*TONY*
93.8%
A two-wheeled vehicleBIKE
93.7%
To be fond of somethingLIKE
93.2%
An arm or a leg, e.g.LIMB
92.4%
To cut with one's teethBITE
92.4%
Half a quartPINT
91.7%
Speak directly to GodPRAY
91.3%
Table Tennis (Part 1)PING
90.5%
Table Tennis (Part 2)PONG
90.5%
What a predator catchesPREY
90.5%
To take part in a gamePLAY
90.4%
Quality of soundTONE
89.3%
Not oddEVEN
87.5%
Hit a golf ball on the greenPUTT
86%
Father and son who were both PM: William ____*PITT*
84.4%
To push with one's headBUTT
84.4%
Steve Carell's '____ Almighty'EVAN
84%
Clue 4-Letter Word % Correct
A large bookTOME
83.9%
Fill with cargoLOAD
82.6%
PM 1830-1834, Charles ____ (or 2nd Earl ____)*GREY*
82.1%
Disabled, especially in the footLAME
81.7%
Someone already with a degreeGRAD
81.5%
Opening or gapHOLE
81.1%
Black + white, in the USGRAY
80.9%
PM 1762-1763, 3rd Earl of ____*BUTE*
80.6%
PM July-November 1834, William ____*LAMB*
79.4%
To encourage or incite someoneGOAD
78.8%
Head protector in armorHELM
78.6%
PM 1963-1964, Sir Alec Douglas-____*HOME*
76.6%
PM Title: e.g., ___ Frederick North, 1770-1782*LORD*
75%
A prepared set of stepsPLAN
74.7%
Actor Ian or CelesteHOLM
72.3%
Style, vigorELAN
71.7%
The capital of TogoLOMÉ
70.6%
Knowledge or wisdomLORE
70.1%
PM 1834-1835 and 1841-1846, Sir Robert ____*PEEL*
67.6%
PM 1955-1957, Sir Anthony ____*EDEN*
49.2%

Today's Daily Dose

Remove Ads.
Support Sporcle.
Get the best of Sporcle when you Go Orange. This ad-free experience offers more features, more stats, and more fun while also helping to support Sporcle. Thank you for becoming a member.

You're not logged in!

Compare scores with friends on all Sporcle quizzes.
OR
Log In

Show Comments

Extras

Top Quizzes Today


Score Distribution

Your Account Isn't Verified!

In order to create a playlist on Sporcle, you need to verify the email address you used during registration. Go to your Sporcle Settings to finish the process.

Report this User

Report this user for behavior that violates our Community Guidelines.

Details: